Central Library OPAC University of Rajshahi

Essays in from Philosopy / (Record no. 29948)

MARC details
000 -LEADER
fixed length control field 00651cam a22002291 4500
001 - CONTROL NUMBER
control field 29948
003 - CONTROL NUMBER IDENTIFIER
rucl marc code BD-RjUL
005 - DATE AND TIME OF LATEST TRANSACTION
control field 20211209051503.0
008 - FIXED-LENGTH DATA ELEMENTS--GENERAL INFORMATION
fixed length control field 140408r19641963nju 000 0 eng
035 ## - SYSTEM CONTROL NUMBER
System control number (BD-RjUL)30033
System control number (OCoLC)769561
040 ## - CATALOGING SOURCE
Original cataloging agency DLC
Transcribing agency MeB
Modifying agency OCoLC
-- DLC
-- BD-RjUL
Language of cataloging eng
041 ## - LANGUAGE CODE
Language code of text/sound track or separate title eng
082 ## - DEWEY DECIMAL CLASSIFICATION NUMBER
Classification number 160.82
Author mark and year ESS 1967
245 10 - TITLE STATEMENT
Title Essays in from Philosopy /
Statement of responsibility, etc. Selected and Edited by Ronald jager
260 ## - PUBLICATION, DISTRIBUTION, ETC. (IMPRINT)
Place of publication, distribution, etc. Englewood Cliffs, N.J. :
Name of publisher, distributor, etc. Prentice-Hall,
Date of publication, distribution, etc. c1966[Printing 1967].
300 ## - PHYSICAL DESCRIPTION
Pagination 320 p :
Size 22 cm.
650 #0 - SUBJECT ADDED ENTRY--TOPICAL TERM
Topical term or geographic name as entry element Logic.
9 (RLIN) 91124
700 ## - ADDED ENTRY--PERSONAL NAME
Personal name Jager, Ronald, ed.
942 ## - ADDED ENTRY ELEMENTS (KOHA)
Source of classification or shelving scheme Dewey Decimal Classification
Koha item type Books
Holdings
Lost status Source of classification or shelving scheme Damaged status Not for loan Collection code Permanent Location Current Location Shelving location Date acquired Source of acquisition Cost, normal purchase price Total Checkouts Full call number Date last seen Copy number Koha item type
  Dewey Decimal Classification     Non-fiction Central Library, University of Rajshahi Central Library, University of Rajshahi   02/08/1966 Mirza Books Agency, Lahore 14.00   160.82 ESS 1964 08/04/2014 C-3 Books
  Dewey Decimal Classification     Non-fiction Central Library, University of Rajshahi Central Library, University of Rajshahi   02/08/1966 Mirza Books Agency. 14.00   160.82 ESS 1963 08/04/2014 C-2 Books